Bảo hộ hợp lý nông nghiệp Việt Nam trong quá trình hội nhập kinh tế quốc tế : Sách tham khảo

שמור ב:
מידע ביבליוגרפי
מחבר ראשי: Bùi, Xuân Lưu
פורמט: ספר
שפה:Undetermined
יצא לאור: Hà Nội Thống Kê 2004
נושאים:
תגים: הוספת תג
אין תגיות, היה/י הראשונ/ה לתייג את הרשומה!
Thư viện lưu trữ: Trung tâm Học liệu Trường Đại học Cần Thơ
LEADER 00651nam a2200205Ia 4500
001 CTU_74706
008 210402s9999 xx 000 0 und d
020 |b 35000 
082 |a 337.1 
082 |b L566 
100 |a Bùi, Xuân Lưu 
245 0 |a Bảo hộ hợp lý nông nghiệp Việt Nam trong quá trình hội nhập kinh tế quốc tế : 
245 0 |b Sách tham khảo 
245 0 |c Bùi Xuân Lưu 
260 |a Hà Nội 
260 |b Thống Kê 
260 |c 2004 
650 |a International economic relations 
904 |i Tuyến 
980 |a Trung tâm Học liệu Trường Đại học Cần Thơ